Middle forms objective questions in English language / (Record no. 6507)
[ view plain ]
| 000 -LEADER | |
|---|---|
| fixed length control field | 00611nam a22002293a 4500 |
| 001 - CONTROL NUMBER | |
| JCCL Control Number | 6507 |
| 003 - CONTROL NUMBER IDENTIFIER | |
| JCCL marc code | BD-JhCC |
| 005 - DATE AND TIME OF LATEST TRANSACTION | |
| control field | 20180125170728.0 |
| 008 - FIXED-LENGTH DATA ELEMENTS--GENERAL INFORMATION | |
| fixed length control field | 500101s1967 xx 000 0 und d |
| 035 ## - SYSTEM CONTROL NUMBER | |
| system control number | OCLC pks02817887 from D950607K |
| -- | (BD-JhCC)6507 |
| 040 ## - CATALOGING SOURCE | |
| Original cataloging agency | EQO |
| Transcribing agency | EQO |
| Modifying agency | BD-JhCC |
| 041 ## - LANGUAGE CODE | |
| Language code of Book | eng |
| 082 ## - DEWEY DECIMAL CLASSIFICATION NUMBER | |
| Author mark and Year | CAI 1967 |
| Classification number | 428.6 |
| 100 1# - MAIN ENTRY--PERSONAL NAME | |
| Personal name | Cairns, John C. |
| 245 10 - TITLE STATEMENT | |
| Title | Middle forms objective questions in English language / |
| Statement of responsibility, etc | John Cairns, A. Scott |
| 260 ## - PUBLICATION, DISTRIBUTION, ETC. (IMPRINT) | |
| Place of publication, distribution, etc | Lagos, |
| Date of publication, distribution, etc | 1967 |
| 300 ## - PHYSICAL DESCRIPTION | |
| Pagination | 76 p. : |
| Dimensions | 28 cm. |
| 650 ## - SUBJECT ADDED ENTRY--TOPICAL TERM | |
| Topical term or geographic name as entry element | English Language |
| 700 1# - ADDED ENTRY--PERSONAL NAME | |
| Personal name | Scott, Ann. |
| 942 ## - ADDED ENTRY ELEMENTS (KOHA) | |
| Source of classification or shelving scheme | Dewey Decimal Classification |
| Koha item type | Books |
| Source of classification or shelving scheme | Damaged status | Not for loan | Home library | Current library | Shelving location | Total Checkouts | Full call number | Barcode | Date last seen | Copy number | Koha item type |
|---|---|---|---|---|---|---|---|---|---|---|---|
| Dewey Decimal Classification | JCC Rouf Library | JCC Rouf Library | General Stacks | 428.6 CAI 1967 | 8759 | 01/24/2018 | C - 2 | Books | |||
| Dewey Decimal Classification | JCC Rouf Library | JCC Rouf Library | General Stacks | 428.6 CAI 1967 | 8760 | 01/24/2018 | C - 1 | Books | |||
| Dewey Decimal Classification | JCC Rouf Library | JCC Rouf Library | General Stacks | 428.6 CAI 1967 | 8734 | 01/24/2018 | C - 3 | Books | |||
| Dewey Decimal Classification | JCC Rouf Library | JCC Rouf Library | General Stacks | 428.6 CAI 1967 | 8733 | 01/24/2018 | C - 4 | Books |